Snatak mahalar rajnaitik tattwa : (Record no. 508)

MARC details
000 -LEADER
fixed length control field 00617cam a2200205ua 4500
008 - FIXED-LENGTH DATA ELEMENTS--GENERAL INFORMATION
fixed length control field 120208n ii |||gr||||Z||||||asm
040 ## - CATALOGING SOURCE
Transcribing agency MAIN
082 ## - DEWEY DECIMAL CLASSIFICATION NUMBER
Classification number 320.5
245 1# - TITLE STATEMENT
Title Snatak mahalar rajnaitik tattwa :
Remainder of title Socrates, Plato aru Aristotlor chintadhara /
Statement of responsibility, etc. by Kripesh Chandra Paul
250 ## - EDITION STATEMENT
Edition statement 2nd.
260 ## - PUBLICATION, DISTRIBUTION, ETC.
Place of publication, distribution, etc. Guwahati:
Name of publisher, distributor, etc. Arun ,994.
300 ## - PHYSICAL DESCRIPTION
Extent 160p:0cm.
700 ## - ADDED ENTRY--PERSONAL NAME
Personal name Paul, Kripesh Chandra.,
Relator term
700 ## - ADDED ENTRY--PERSONAL NAME
Personal name Nayak, Protul Chandra. .
942 ## - ADDED ENTRY ELEMENTS (KOHA)
Koha item type Books
653 ## - INDEX TERM--UNCONTROLLED
Uncontrolled term Political science
653 ## - INDEX TERM--UNCONTROLLED
Uncontrolled term Rajnaitik tattwa
653 ## - INDEX TERM--UNCONTROLLED
Uncontrolled term Political theory and Socrates , Plato and Aristotol
Holdings
Withdrawn status Lost status Damaged status Not for loan Home library Current library Shelving location Date acquired Total Checkouts Full call number Barcode Date last seen Copy number Price effective from Koha item type
        Central Library, Naharkatiya College Central Library, Naharkatiya College   19/09/2020   320.5 | PAU 409 19/09/2020 1 19/09/2020 Books

Naharkatiya College © 2020. All rights reserved.

Powered By